<?xml version="1.0" encoding="UTF-8"?><marc:collection xmlns:marc="http://www.loc.gov/MARC21/slim">
  <marc:record>
    <marc:leader>00000nam  2200000za 4500</marc:leader>
    <marc:controlfield tag="001">9.846382</marc:controlfield>
    <marc:controlfield tag="003">CaOODSP</marc:controlfield>
    <marc:controlfield tag="005">20221107153205</marc:controlfield>
    <marc:controlfield tag="007">cr |||||||||||</marc:controlfield>
    <marc:controlfield tag="008">171031s2018    qucab   ob   f000 0 eng d</marc:controlfield>
    <marc:datafield tag="020" ind1=" " ind2=" ">
      <marc:subfield code="a">9780660237329</marc:subfield>
      <marc:subfield code="z">9780660237336</marc:subfield>
    </marc:datafield>
    <marc:datafield tag="040" ind1=" " ind2=" ">
      <marc:subfield code="a">CaOODSP</marc:subfield>
      <marc:subfield code="b">eng</marc:subfield>
    </marc:datafield>
    <marc:datafield tag="043" ind1=" " ind2=" ">
      <marc:subfield code="a">n-cn-qu</marc:subfield>
    </marc:datafield>
    <marc:datafield tag="086" ind1="1" ind2=" ">
      <marc:subfield code="a">R64-105/8-2018E-PDF</marc:subfield>
      <marc:subfield code="z">R64-105/8-2018E</marc:subfield>
    </marc:datafield>
    <marc:datafield tag="110" ind1="2" ind2=" ">
      <marc:subfield code="a">Parks Canada.</marc:subfield>
    </marc:datafield>
    <marc:datafield tag="245" ind1="1" ind2="0">
      <marc:subfield code="a">Fortifications of Québec National Historic Site of Canada including Saint-Louis Forts and Châteaux, Montmorency Park and Lévis Forts national historic sites of Canada </marc:subfield>
      <marc:subfield code="h">[electronic resource] : </marc:subfield>
      <marc:subfield code="b">management plan 2018.</marc:subfield>
    </marc:datafield>
    <marc:datafield tag="246" ind1="1" ind2="7">
      <marc:subfield code="a">Fortifications of Québec National Historic Site : </marc:subfield>
      <marc:subfield code="b">management plan</marc:subfield>
    </marc:datafield>
    <marc:datafield tag="260" ind1=" " ind2=" ">
      <marc:subfield code="a">[Gatineau, QC] : </marc:subfield>
      <marc:subfield code="b">Parks Canada, </marc:subfield>
      <marc:subfield code="c">c2018.</marc:subfield>
    </marc:datafield>
    <marc:datafield tag="300" ind1=" " ind2=" ">
      <marc:subfield code="a">x, 14 p. : </marc:subfield>
      <marc:subfield code="b">col. ill., col. maps</marc:subfield>
    </marc:datafield>
    <marc:datafield tag="500" ind1=" " ind2=" ">
      <marc:subfield code="a">Issued also in French under title: Lieu historique national du Canada des Fortifications-de-Québec incluant les lieux historiques nationaux du Canada des Forts-et-Châteaux-Saint-Louis, du Parc-Montmorency et des Forts-de-Lévis : plan directeur 2018.</marc:subfield>
    </marc:datafield>
    <marc:datafield tag="500" ind1=" " ind2=" ">
      <marc:subfield code="a">Cover title.</marc:subfield>
    </marc:datafield>
    <marc:datafield tag="500" ind1=" " ind2=" ">
      <marc:subfield code="a">Issued also in HTML format.</marc:subfield>
    </marc:datafield>
    <marc:datafield tag="504" ind1=" " ind2=" ">
      <marc:subfield code="a">Includes bibliographical references.</marc:subfield>
    </marc:datafield>
    <marc:datafield tag="520" ind1=" " ind2=" ">
      <marc:subfield code="a">"The Fortifications of Québec National Historic Site testifies to the defensive system between 1608 and 1871 in Québec City, Canada’s principal stronghold during the colonial era. Under this document, the Fortifications of Québec, Saint-Louis Forts and Châteaux, Montmorency Park and Lévis Forts national historic sites have been grouped together, as they constitute the four operational sites belonging to Parks Canada associated with the fortifications of Québec. This management plan will guide the management, operation and development of the site for the next ten years and will be based on the following four key strategies: an authentic site with four centuries of historical value; a Parks Canada signature site for the Québec City region; world heritage that is recognized and protected; Fort No. 1, a historic site as an integral part of its surroundings"--Executive summary, p. vii.</marc:subfield>
    </marc:datafield>
    <marc:datafield tag="530" ind1=" " ind2=" ">
      <marc:subfield code="a">Issued also in print format.</marc:subfield>
    </marc:datafield>
    <marc:datafield tag="693" ind1=" " ind2="4">
      <marc:subfield code="a">Fortifications of Québec National Historic Site (Québec and Lévis, Québec)</marc:subfield>
    </marc:datafield>
    <marc:datafield tag="693" ind1=" " ind2="4">
      <marc:subfield code="a">Management</marc:subfield>
    </marc:datafield>
    <marc:datafield tag="775" ind1="0" ind2="8">
      <marc:subfield code="t">Lieu historique national du Canada des Fortifications-de-Québec incluant les lieux historiques nationaux du Canada des Forts-et-Châteaux-Saint-Louis, du Parc-Montmorency et des Forts-de-Lévis </marc:subfield>
      <marc:subfield code="w">(CaOODSP)9.846388</marc:subfield>
    </marc:datafield>
    <marc:datafield tag="776" ind1="0" ind2="#">
      <marc:subfield code="t">Fortifications of Québec National Historic Site of Canada : </marc:subfield>
      <marc:subfield code="w">(CaOODSP)9.846384</marc:subfield>
    </marc:datafield>
    <marc:datafield tag="856" ind1="4" ind2="0">
      <marc:subfield code="q">PDF</marc:subfield>
      <marc:subfield code="s">1.81 MB</marc:subfield>
      <marc:subfield code="u">https://publications.gc.ca/collections/collection_2018/pc/R64-105-8-2018-eng.pdf</marc:subfield>
    </marc:datafield>
    <marc:datafield tag="856" ind1="4" ind2=" ">
      <marc:subfield code="q">HTML</marc:subfield>
      <marc:subfield code="s">N/A</marc:subfield>
      <marc:subfield code="u">https://www.pc.gc.ca/en/lhn-nhs/qc/fortifications/info/gestion-management-2018</marc:subfield>
    </marc:datafield>
  </marc:record>
</marc:collection>
